Final contributions to the problems and methods of psychoanalysis (Record no. 672)
[ view plain ]
| 000 -LEADER | |
|---|---|
| fixed length control field | 00619nam a2200181 a 4500 |
| 005 - DATE AND TIME OF LATEST TRANSACTION | |
| control field | 20260322212029.0 |
| 008 - FIXED-LENGTH DATA ELEMENTS--GENERAL INFORMATION | |
| fixed length control field | data |
| 010 ## - LIBRARY OF CONGRESS CONTROL NUMBER | |
| LC control number | 55-12215 |
| 096 ## - LOCALLY ASSIGNED NLM-TYPE CALL NUMBER (OCLC) | |
| Classification number | WM 460 F297p 1955 |
| 001 - CONTROL NUMBER | |
| control field | data |
| 100 1# - MAIN ENTRY--PERSONAL NAME | |
| Personal name | Ferenczi, Sandor |
| 245 10 - TITLE STATEMENT | |
| Title | Final contributions to the problems and methods of psychoanalysis |
| Statement of responsibility, etc. | Sandor Ferenczi ; edited by Michael Balint ; tr. by Eric Mosbacher and others ; introd. by Clara Thompson |
| 260 ## - PUBLICATION, DISTRIBUTION, ETC. | |
| Place of publication, distribution, etc. | New York |
| Name of publisher, distributor, etc. | Basic Books |
| Date of publication, distribution, etc. | c1955 |
| 300 ## - PHYSICAL DESCRIPTION | |
| Extent | 447 p. |
| 490 0# - SERIES STATEMENT | |
| Series statement | The basic classics in psychiatry. |
| 500 ## - GENERAL NOTE | |
| General note | Spine title: The selected papers of Sandor Ferenczi, M.D. |
| 650 02 - SUBJECT ADDED ENTRY--TOPICAL TERM | |
| Topical term or geographic name entry element | Psychoanalysis |
| Withdrawn status | Lost status | Damaged status | Not for loan | Home library | Current library | Shelving location | Date acquired | Total checkouts | Full call number | Barcode | Date last seen | Price effective from | Koha item type |
|---|---|---|---|---|---|---|---|---|---|---|---|---|---|
| Franklin | Franklin | General stacks | 22/03/2026 | GEN | BC0010689 | 22/03/2026 | 22/03/2026 | Books |